| 000 | 00816nam a2200253 a 4500 | ||
|---|---|---|---|
| 005 | 20210219153507.0 | ||
| 008 | 991125n 000 0 u | ||
| 035 | _aUPN01000102706 | ||
| 100 | _aLovett, Maureen W. | ||
| 222 | _aJOURNAL OF EDUCATIONAL PSYCHOLOGY | ||
| 245 | _aTraining the word recognition skills of reading disabled children : treatment and transfer effects / [et al.] | ||
| 300 | _a769-780 | ||
| 362 | _a82, No. 4, 1990 | ||
| 505 | _aJunio 1992 | ||
| 653 | 0 | _aESTUDIANTES DE LA ESCUELA ELEMENTAL | |
| 653 | 0 | _aREADING DIFFICULTIES | |
| 653 | 0 | _aRECONOCIMIENTO DE PALABRAS | |
| 653 | 0 | _aRESULTADOS DEL TRATAMIENTO | |
| 653 | 0 | _aTRANSFERENCIA DE ADIESTRAMIENTO | |
| 700 | _aWarren-Chaplin, Patricia M. | ||
| 700 | _aRansby, Marilyn J. | ||
| 904 |
_aAC _b040517 |
||
| 905 | _aArticulo | ||
| 999 |
_c78313 _d78313 |
||